000 00734nam a2200169 a 4500
008 200804s2017 ||||||||||||||||| || u
020 _a9781107095601
050 _aSB 613.5 Wil
100 _aWilson, John Rowan
245 1 0 _aDetecting and responding to alien plant incursions
_cBy John R. Wilson; F. Dane Panetta; Cory Lindgren
260 _aCambridge
_bCambridge University Press
_c2017
300 _a xvii, 265 pages : illustrations
490 _aEcology, biodiversity, and conservation
650 _aINVASIVE PLANTS--CONTROL
650 _aALIEN PLANTS--CONTROL
995 _D103.31
_FCBU-MAIN LIBRARY (Kitwe)
_M1
_UAVAILABLE
_WAug 5, 2020
_ZMain Library Open Access Collection
999 _c39831
_d39831